Carter's Advanced Accounts (Record no. 1391)

MARC details
005 - DATE AND TIME OF LATEST TRANSACTION
control field 20250414134255.0
020 ## - INTERNATIONAL STANDARD BOOK NUMBER
International Standard Book Number 0-273-01026-3
082 ## - DEWEY DECIMAL CLASSIFICATION NUMBER
Classification number 657.046 GAR
100 ## - MAIN ENTRY--PERSONAL NAME
Author name GARBUTT, D.
245 ## - TITLE STATEMENT
Title Carter's Advanced Accounts
250 ## - EDITION STATEMENT
Edition statement 7th Ed.
260 ## - PUBLICATION, DISTRIBUTION, ETC.
Place of publication, distribution, etc. London,
Name of publisher, distributor, etc. Pitman Publishing Limited,
Date of publication, distribution, etc. 1976.
300 ## - PHYSICAL DESCRIPTION
Extent xxiv, 2976p.: table
Other physical details Index.
Dimensions 18cm.
942 ## - ADDED ENTRY ELEMENTS (KOHA)
Source of classification or shelving scheme Dewey Decimal Classification
Koha item type Books
Holdings
Date last seen Total checkouts Full call number Barcode Cost, replacement price Price effective from Koha item type Lost status Source of classification or shelving scheme Damaged status Not for loan Withdrawn status Home library Current library Shelving location Date acquired Cost, normal purchase price
04/14/2025   657.046 GAR 0000005328 90000.00 04/14/2025 Books   Dewey Decimal Classification       College of Business Education Main Library College of Business Education Main Library General Collection 04/14/2025 30000.00
04/14/2025   657.046 GAR 0000005329 90000.00 04/14/2025 Books   Dewey Decimal Classification       College of Business Education Main Library College of Business Education Main Library General Collection 04/14/2025 30000.00
04/14/2025   657.046 GAR 0000005330 90000.00 04/14/2025 Books   Dewey Decimal Classification       College of Business Education Main Library College of Business Education Main Library General Collection 04/14/2025 30000.00
04/14/2025   657.046 GAR 0000005331 90000.00 04/14/2025 Books   Dewey Decimal Classification       College of Business Education Main Library College of Business Education Main Library General Collection 04/14/2025 30000.00
04/14/2025   657.046 GAR 0000005332 90000.00 04/14/2025 Books   Dewey Decimal Classification       College of Business Education Main Library College of Business Education Main Library General Collection 04/14/2025 30000.00